Budování oborového systému VTEI /

Saved in:
Bibliographic Details
Main Author: Sulek, Vladimír
Other Authors: Nová, Eva, Kolář, Ivan
Format: Book
Language:Czech
Published: Praha : UVTEI - Ústředí vědeckých, technických a ekonomických informací, 1983
Series:Metodická studie Č. 144
Subjects:
Online Access: Get full text
Tags: Add Tag
No Tags, Be the first to tag this record!

MARC

LEADER 00000nam a2200000 4500
003 SK-BrCVT
005 20220617165935.0
008 880101s1983 cs e ||||||cze d
035 |a CVTIDW0919523 
040 |b slo  |a CVTI SR 
041 0 |a cze 
044 |a cs 
080 |a 002.6.009.1  |2 UDC-MRF 
080 |a 002.6 OBIS  |2 UDC-MRF 
100 1 |a Sulek, Vladimír 
245 1 0 |a Budování oborového systému VTEI /  |c Vladimír Sulek, Eva Nová, Ivan Kolář 
260 |a Praha :  |b UVTEI - Ústředí vědeckých, technických a ekonomických informací,  |c 1983 
300 |a 80 s. 
490 0 |a Metodická studie  |v Č. 144 
653 1 |a informačná sústava 
655 4 |a výskumné správy 
700 1 |a Nová, Eva 
700 1 |a Kolář, Ivan 
760 1 |t Metodická studie  |g Č. 144 
910 |b A422409 - A422413 
974 |f Knihy 
992 |a AVS 
999 |c 72958  |d 72958